| 000 | 00593nam a2200193 i 4500 | ||
|---|---|---|---|
| 001 | 85292 | ||
| 003 | ES-MaACL | ||
| 005 | 20250725062535.0 | ||
| 007 | t| | ||
| 008 | 041126s1944 xxu ||||1| eng d | ||
| 100 | 1 |
_aJordan, Pascual. _966913 |
|
| 245 | 1 | 0 |
_aPhysics of the 20th Century / _cby Pascual Jordan ; translated by Eleanor Oshry. |
| 260 |
_aNew York : _bPhilosophical Library, _c[1944] ( _fF. Hubner) |
||
| 300 |
_aXII, 185 p. ; _c22 cm. |
||
| 650 | 0 | 7 |
_aFĂsica _2embne _912877 |
| 700 | 1 |
_aOshry, Eleanor. _987750 |
|
| 852 |
_aES-MaACL _jC-4501 _bR.24439 |
||
| 999 |
_c85292 _d85292 |
||